00976nam a2200253 i 4500001000300000100002400003245012400027246004900151260004300200300006500243490002800308500005100336504003600387650002500423650003200448700002200480830002800502020001500530040000800545041001100553080001900564008004100583856009800624bg1 aBREALEY, Richard A.10aPodstawy finansów przedsiębiorstw.nT. 1 /cRichard A. Brealey, Stewart C. Myers ; przekł. [z ang.] Jerzy Katolik. iTyt. oryg.:aPrinciples of corporate finance aWarszawa :bWydaw. Naukowe PWN,c1999. a763, [1] s. :b1 faks., rys., wykr. (w tym kolor.) ;c25 cm.1 aPrzedsiębiorczość aTyt. oryg.: "Principles of corporate finance". aBibliogr. przy rozdz. - Indeks. 9aFinansexzagadnienia 9aPrzedsiębiorstwoxfinanse1 aMYERS, Stewart C. aPrzedsiębiorczość a8301127279 cBPK1 aplhen a658.14/.17:336 s pl f |000 0 pol  uhttp://koha.tu.koszalin.pl/cgi-bin/koha/opac-detail.pl?biblionumber=36382yKatalog online BPK